|
|
|
|
| LEADER |
00651nam a22002172a 4500 |
| 001 |
000148302 |
| 003 |
CZ BrMZK |
| 005 |
20130809112205.0 |
| 007 |
ta |
| 008 |
950101s1965 un f 000 0 ukr d |
| 040 |
|
|
|a BOA001
|b cze
|
| 100 |
1 |
|
|a Staryc'kyj, Mychajlo,
|d 1840-1904
|7 js20010125024
|4 aut
|
| 245 |
1 |
0 |
|a Povisti /
|c Mychajlo Staryc'kyj
|
| 260 |
|
|
|a Kijiv :
|b Dnipro,
|c 1965
|
| 300 |
|
|
|a 338 s.
|
| 490 |
1 |
|
|a Tvory u 8 tomach ;
|v tom 7
|
| 800 |
1 |
|
|a Staryc'kyj, Mychajlo,
|d 1840-1904.
|t Tvory u 8 tomach
|
| 910 |
|
|
|a BOA001
|b 2-0611.028
|
| 990 |
|
|
|a BK
|
| 991 |
|
|
|b 201308
|
| 996 |
7 |
|
|b 2619788989
|c 2-0611.028
|l HP2
|r DEN
|n 6
|w 000148302
|u 000010
|a 1
|e BOA001
|j MZK50
|s A
|